01607nam a2200265 a 450000100100000000500170001000800410002702000180006804000250008608200160011110000400012724502150016726000360038230000210041850000730043950400320051250502830054459000260082770000520085370000560090595201290096195201140109095201200120499900170132400004820520201002061005.0181205s2015 dr 000 m spa d a9789945167023 aDO-SdBNPbspacBNPHU axxxxbR696u1 aRodríguez González, Lily97564910aUniversidad dominicana :bVisión y futuro desde cincuenta años de desarrollo (1961-2005) /cLily Rodríguez González ; prólogos Dr. Príamo Rodríguez Castillo, Dr. José María Hernández Díaz. aSanto Domingo :bBúho,c2015. a151 p. ;c23 cm. aIncluye datos biográficos de la autora en la solapa de la cubierta aBibliografía : p. 139-1510 aPrólogo 1 Príamo Rodríguez Castillo --tPrólogo 2 José María Hernández Díaz --tIntroducción --gCapítulo ItFinalidad de la universidad dominicana --gCapítulo IItOferta educativa de grado y postgrado --gCapítulo IIItInvestigación y tecnología -- aInventariado, 2019/LP1 aRodríguez Castillo, Príamo,epról.9644991 aHernández Díaz, José María,epról.975650 001054708DSaGRbGRcHDd2018-12-05iLF1l0oxxxx R696up48205-30r2020-06-25te. 3w2020-06-25yLFDSZPréstamo en sala 0010718PDaPDbPDcHDd2018-12-05iLF1l0oxxxx R696up48205-10r2020-06-25w2020-06-25yLFPDZNo se presta 0010718PDaPDbPDcHDd2018-12-05iLF1l0oxxxx R696up48205-20r2020-06-25te. 2w2020-06-25yLFPDZNo se presta c47693d47693